000 00445nam a2200181Ia 4500
008 230711s9999||||xx |||||||||||||| ||und||
020 _a978-93-5014-281-3
041 _aENG
082 _a621.815
_bSH-M
100 _aSharma,P.C
245 2 _aA textbook of machine design
250 _a12th Ed.
260 _c1992
_aDelhi
_bS.K Kataria & Sons
300 _a1065p.
650 _aMechanical Engineering
700 _aAggarwal,D.K
942 _cBK
999 _c5903
_d5903